00618cam a2200145 a 4500020001800000040000800018082002600026245011300052260010600165300003900271500002200310650001200332700002400344710010400368 a9789995052188 cJNA a362 CAM 2007 A065 Or.00aMoving out of poverty? :btrends in community well-being and household mobility in nine Cambodian villages / aPhnom Penh, Cambodia :bCambodia's Leading Independent Development Policy Research Institute,cc2007. a331 p. :bill., col. map ;c30 cm. a"September 2007." 0aPoverty1 aFitzGerald, Ingrid.2 aVidyāsthān Paṇṭuḥ Paṇṭāl niṅ Srāvjrāv ṭoempī Qabhivaḍḍhn ̊Kambujā.